| 000 | 01009nam a22002657i 4500 | ||
|---|---|---|---|
| 003 | DO-SdBNP | ||
| 005 | 20250131205119.0 | ||
| 007 | ta | ||
| 008 | 240115b1915 dr ||||| |||| 00| 0 spa d | ||
| 040 |
_aDO-SdBNP _bspa _cBNPHU _erda |
||
| 082 | 4 |
_222 _bG993e |
|
| 100 | 1 |
_aGuzmán Sánchez, Leonte, _eautor _984784 |
|
| 245 | 1 | 0 |
_a¿En qué consiste la inconstitucionalidad de la ley que hace obligatorio para los acreedores del estado dominicano, el plan de ajuste? / _cLeonte Guzmán Sánchez. |
| 264 |
_aSanto Domingo : _bImprenta Escobar i Cía, _c1915 |
||
| 300 |
_a32 páginas ; _c24 cm. |
||
| 336 |
_2rdacontent _atexto _btxt |
||
| 337 |
_2rdamedia _asin mediación _bn |
||
| 338 |
_2rdacarrier _avolumen _bnc |
||
| 500 | _aTesis para la Licenciatura de Bachiller en Ciencias y Letras. | ||
| 590 | _aPerteneció a la biblioteca personal de Carlos Larrazábal Blanco. | ||
| 590 | _aInventariado, 2024 /LP | ||
| 710 | 2 |
_aUniversidad de Santo Domingo _937767 |
|
| 910 | _alpérez | ||
| 942 |
_2ddc _cLF2 |
||
| 999 |
_c55670 _d55670 |
||